[Event "Paris BNP-Paribas blitz"]
[Site "Paris"]
[Date "2015.06.13"]
[Round "3"]
[White "Gutierrez Ramirez, Bruno"]
[Black "Saglier, Paul"]
[Result "1/2-1/2"]
[WhiteElo "2089"]
[BlackElo "2090"]
[PlyCount "107"]
[EventDate "2015.06.12"]
[EventType "swiss (blitz)"]
[EventRounds "15"]
[EventCountry "FRA"]
[SourceTitle "CBM 167 Extra"]
[Source "ChessBase"]
[SourceDate "2015.09.14"]
[SourceVersion "1"]
[SourceVersionDate "2015.09.14"]
[SourceQuality "1"]

1. e4 g6 2. Nf3 Bg7 3. g3 c6 4. Bg2 d6 5. 0-0 Nf6 6. Re1 0-0 7. c3 e5 8. d4 Nbd7 9. Na3 b5 10. Qe2 a6 11. Bg5 h6 12. Bxf6 Bxf6 13. dxe5 Nxe5 14. Nxe5 dxe5 15. c4 Be6 16. Red1 Qb6 17. Rac1 Rad8 18. c5 Qc7 19. b3 Kg7 20. Nc2 Qe7 21. Qe3 Rxd1+ 22. Rxd1 Rd8 23. Rxd8 Qxd8 24. Bf3 a5 25. Kf1 h5 26. Be2 h4 27. f4 hxg3 28. hxg3 Qh8 29. Kg1 Qh6 30. Qf2 exf4 31. gxf4 Bh4 32. Qf3 Be7 33. Qf2 Qh4 34. Qxh4 Bxh4 35. Nd4 Bd7 36. a3 b4 37. axb4 axb4 38. Nc2 Be7 39. Kg2 Bxc5 40. Kf3 Kf6 41. e5+ Ke7 42. Bc4 Be6 43. Bxe6 Kxe6 44. Ke4 f5+ 45. exf6 Kxf6 46. Ne1 Bd6 47. Nf3 c5 48. Nd2 Be7 49. Nc4 Ke6 50. Nd2 Bd6 51. Nc4 Bc7 52. Nd2 Kf6 53. Nc4 Ke6 54. Nd2 1/2-1/2

[Event "Paris BNP-Paribas blitz"]
[Site "Paris"]
[Date "2015.06.13"]
[Round "6"]
[White "Verdier, Patrice"]
[Black "Gutierrez Ramirez, Bruno"]
[Result "1-0"]
[WhiteElo "2244"]
[BlackElo "2089"]
[PlyCount "53"]
[EventDate "2015.06.12"]
[EventType "swiss (blitz)"]
[EventRounds "15"]
[EventCountry "FRA"]
[SourceTitle "CBM 167 Extra"]
[Source "ChessBase"]
[SourceDate "2015.09.14"]
[SourceVersion "1"]
[SourceVersionDate "2015.09.14"]
[SourceQuality "1"]

1. d4 e6 2. c4 Nf6 3. Nc3 Bb4 4. e3 b6 5. Nge2 0-0 6. a3 Bxc3+ 7. Nxc3 Bb7 8. f3 Nh5 9. Qc2 f5 10. Bd3 Qh4+ 11. Qf2 Qe7 12. Bd2 c5 13. 0-0 d5 14. Rfe1 Nd7 15. Qe2 Rae8 16. Rad1 Qh4 17. Nb5 cxd4 18. Nd6 Rb8 19. Nxb7 Rxb7 20. g3 Qf6 21. exd4 Qxd4+ 22. Kg2 Qf6 23. Qxe6+ Qxe6 24. Rxe6 Rf6 25. Re8+ Kf7 26. Rde1 g6 27. R1e7# 1-0

[Event "Madrid Villaverde op 11th"]
[Site "Madrid"]
[Date "2009.07.07"]
[Round "6"]
[White "Tevar Sanz, Gonzalo"]
[Black "Gutierrez Ramirez, Bruno"]
[Result "1-0"]
[WhiteElo "1845"]
[BlackElo "2002"]
[PlyCount "61"]
[EventDate "2009.06.29"]
[EventType "swiss"]
[EventRounds "9"]
[EventCountry "ESP"]
[SourceTitle "EXT 2010"]
[Source "ChessBase"]
[SourceDate "2010.11.25"]
[SourceVersion "1"]
[SourceVersionDate "2010.11.25"]
[SourceQuality "1"]

1. d4 e6 2. Nf3 Nf6 3. Bf4 c5 4. e3 Qb6 5. Qc1 Nc6 6. c3 d5 7. Bd3 Ne4 8. Nbd2 f5 9. Ne5 Nxe5 10. Bxe5 Bd6 11. Nf3 0-0 12. 0-0 Bd7 13. Bxd6 Qxd6 14. Ne5 c4 15. Bc2 Qe7 16. f3 Nd6 17. Re1 Bc6 18. e4 fxe4 19. fxe4 Qh4 20. Nf3 Qg4 21. Ne5 Qh4 22. Nxc6 bxc6 23. exd5 exd5 24. Qe3 Rae8 25. Qd2 Ne4 26. Bxe4 Rxe4 27. Rxe4 Qxe4 28. Re1 Qf4 29. Qe2 Rb8 30. Qe7 Rxb2 31. Rf1 1-0

[Event "Madrid Villaverde op 11th"]
[Site "Madrid"]
[Date "2009.06.29"]
[Round "1"]
[White "Burlacu, Laurentiu"]
[Black "Gutierrez Ramirez, Bruno"]
[Result "1-0"]
[WhiteElo "2037"]
[BlackElo "2002"]
[PlyCount "129"]
[EventDate "2009.06.29"]
[EventType "swiss"]
[EventRounds "9"]
[EventCountry "ESP"]
[SourceTitle "EXT 2010"]
[Source "ChessBase"]
[SourceDate "2010.11.25"]
[SourceVersion "1"]
[SourceVersionDate "2010.11.25"]
[SourceQuality "1"]

1. e4 e6 2. d4 d5 3. e5 c5 4. c3 Nc6 5. Nf3 Qb6 6. Bd3 cxd4 7. cxd4 Bd7 8. Bc2 Rc8 9. 0-0 Nge7 10. Nc3 Ng6 11. a3 Na5 12. Ng5 f5 13. exf6 gxf6 14. Nxh7 Kf7 15. Bxg6+ Kxg6 16. Nxf8+ Rcxf8 17. f4 f5 18. Rf3 Nb3 19. Nxd5 Qxd4+ 20. Qxd4 Nxd4 21. Rg3+ Kf7 22. Nc3 Rh4 23. Rb1 Rc8 24. Rd3 e5 25. g3 Rg8 26. fxe5 Bc6 27. Bf4 Rxf4 28. Rbd1 Nb5 29. Nd5 Rc4 30. Ne3 Rf4 31. Nd5 Rc4 32. Ne3 Rf4 33. b4 Rf3 34. a4 Nd4 35. Rxd4 Rxe3 36. b5 Be4 37. Rd6 Re2 38. Rf6+ Ke7 39. Rh6 Rg7 40. e6 Rg8 41. Rd7+ Ke8 42. Rc7 Rc2 43. Rd7 f4 44. Kf1 fxg3 45. hxg3 Rg2 46. Rh4 Rf8+ 47. Rf7 Bd5 48. Rd4 Rxg3 49. Rxf8+ Kxf8 50. Rxd5 Ra3 51. Rd7 Rxa4 52. e7+ Ke8 53. Rxb7 a6 54. b6 Rb4 55. Ke2 a5 56. Kd3 a4 57. Kc3 Rb5 58. Kc4 Rb1 59. Kc5 a3 60. Ra7 Rc1+ 61. Kd6 Rd1+ 62. Kc6 Rc1+ 63. Kb7 Rc3 64. Kb8 Rb3 65. b7 1-0